Farm machinery / (Record no. 137999)

MARC details
000 -LEADER
fixed length control field 00577nam a22001937a 4500
005 - DATE AND TIME OF LATEST TRANSACTION
control field 20170303142401.0
010 ## - LCCN (DPL NO)
LC control number ENG-117402
020 ## - INTERNATIONAL STANDARD BOOK NUMBER
International Standard Book Number 9788120352599
Terms of availability 450.00
035 ## - SYSTEM CONTROL NUMBER
System control number EN-100934
037 ## - SOURCE OF ACQUISITION
Source of stock number/acquisition DBAD/PUB
082 ## - DEWEY DECIMAL CLASSIFICATION NUMBER
Classification number 631.1
100 ## - MAIN ENTRY--PERSONAL NAME
Personal name Singh T.P.
245 ## - TITLE STATEMENT
Title Farm machinery /
Remainder of title by T. P. Singh
260 ## - PUBLICATION, DISTRIBUTION, ETC. (IMPRINT)
Place of publication, distribution, etc New Delhi
Name of publisher, distributor, etc PHI Learning
Date of publication, distribution, etc 2017
270 ## - ADDRESS
Address 111,Rimjhim house, patparganj Industrial Estate
300 ## - PHYSICAL DESCRIPTION
Extent xii, 396p.:
Other physical details ill.
Dimensions 24cm.(pbk)
500 ## - GENERAL NOTE
General note Includes bibliographical references and index
942 ## - ADDED ENTRY ELEMENTS (KOHA)
Source of classification or shelving scheme Dewey Decimal Classification
Item type English Books
Classification part 631.1
Call number prefix SIN
Holdings
Withdrawn status Lost status Not for loan Collection code Home library Current library Date acquired Source of acquisition Cost, normal purchase price Full call number Barcode Copy number Cost, replacement price Koha item type
    Not For Loan Non-fiction D.B.Act.Division D.B.Act.Division 03/03/2017 DBAD/PUB 450.00 631.1 EN-100934 1 450.00 English Books

© Delhi Public Library
Hit Counter
free hit counter